| 000 | 00625nam a22001817a 4500 | ||
|---|---|---|---|
| 003 | OSt | ||
| 005 | 20251201144950.0 | ||
| 008 | 251201b |||||||| |||| 00| 0 eng d | ||
| 040 |
_aDWCL-Main lib _cOC |
||
| 082 |
_22nd ed. _aFil. 657.3 E93 2003 |
||
| 100 | _aRosalinda D. Evangelista | ||
| 245 |
_aA guide to the use of the statement of financial accounting standards of the Philippines vol 3 _cRosalinda D. Evangelista |
||
| 260 |
_aManila : _bGIC Enterprises & Co., Inc., _cc2003. |
||
| 300 |
_avarious paging ; _c22 cm. |
||
| 650 | _aAccounting. | ||
| 700 | _aAbelardo T. Domondon | ||
| 942 |
_2ddc _cBK - FIL _e2nd ed. _kFil. _n0 |
||
| 999 |
_c6668 _d6668 |
||